000 00678nam a2200205 i 4500
001 170037
003 ES-MaACL
005 20250828063300.0
008 090116s1988 fr |||| | fre d
020 _a2-262-00591-5
080 _a944"1789/99"
100 _aDecaux, Alain,
_d1925-2016
_9239167
245 1 0 _aAlain Decaux raconte la Révolution française aux enfants.
260 _aParis :
_bPerrin,
_c1988.
300 _a176 p. :
_bil. col. ;
_c28 cm.
500 _aCronología.
651 4 _aFrancia-
_xHistoria-
_y1789-1799, Revolución
_9241176
852 4 _aES-MaACL
_jE-12373
_9R.139412
_z. - Biblioteca Jacinto Martínez Lacalle
999 _c170037
_d170037